000 00560nam a2200217Ia 4500
003 OSt
005 20241023104523.0
008 240925s9999 xx 000 0 und d
020 _a9788126556007
040 _cds
082 _a658.15 BOO
100 _aBooth, Laurence
245 0 _aCorporate Finance: financial management in a global environment
250 _a1st
260 _aSingapore:
_bJohn Willey & Sons
_c,2015.
300 _a356p.
_b0
_fOriginal
500 _aIncludes Index
600 _aManagement
650 _aManagement
942 _cBK
_2ddc
999 _c17353
_d17353